Countries With the Word “Am” in Their Names - Statistics

General Stats
  • This quiz has been taken 91 times
  • The average score is 11 of 13
Answer Stats
Hint Answer % Correct
North America United Statesof America
97%
Africa Namibia
89%
North America Panama
89%
Africa Gambia
86%
South America Suriname
86%
Asia Vietnam
84%
Africa Zambia
84%
North America Jamaica
82%
Asia Cambodia
79%
Oceania Samoa
79%
Africa Cameroon
75%
North America Bahamas
71%
Africa Mozambique
63%
No matching quizzes found
Score Distribution
Percent of People with Each Score
Percentile by Number Answered
Your Score History
You have not taken this quiz